Pierce The Veil - Kissing in Cars Lyric Quiz - Statistics

General Stats
  • This quiz has been taken 28 times
  • The average score is 163 of 206
Answer Stats
Answer % Correct
a
100%
As
93%
as
93%
car
93%
I
93%
I’ll
93%
in
93%
in.
93%
it
93%
kiss
93%
me
93%
“No,”
93%
no,
93%
no
93%
No
93%
the
93%
The
93%
then
93%
thing
93%
to
93%
too
93%
You
93%
you
93%
your
93%
all
87%
ever
87%
future
87%
is
87%
I’ve
87%
of
87%
remind
87%
such
87%
that
87%
there’s
87%
time
87%
who
87%
young.
87%
and
80%
away
80%
away.
80%
be
80%
everything
80%
first
80%
good
80%
her
80%
her.
80%
her,
80%
I’m
80%
it’s
80%
know
80%
last
80%
love,
80%
love.
80%
(love).
80%
nothing
80%
on
80%
one
80%
one.
80%
room,
80%
see.
80%
seen
80%
thrown
80%
up
80%
wake
80%
without
80%
afraid.
73%
afraid,
73%
again,
73%
at
73%
At
73%
done
73%
face
73%
from
73%
goodnight,
73%
If
73%
kissing
73%
lungs,
73%
Oh,
73%
our
73%
repeat
73%
She
73%
think
73%
top
73%
was
73%
we’re
73%
alone,
67%
alone.
67%
always
67%
been
67%
but
67%
crazy,
67%
disaster,
67%
don’t
67%
faith
67%
few
67%
God,
67%
heartbeats
67%
just
67%
leave
67%
let
67%
lights
67%
only
67%
Red
67%
say,
67%
says,
67%
So
67%
something
67%
than
67%
us
67%
won’t
67%
would
67%
Call
60%
chances
60%
flash
60%
keep
60%
lose
60%
more
60%
need.
60%
Never
60%
second
60%
Second
60%
tried
60%
trying.
60%
future’s
53%
once.
53%
right.
53%
‘cause
47%
‘Cause
47%
When
47%
Better
40%
No matching quizzes found
Score Distribution
Percent of People with Each Score
Percentile by Number Answered
Your Score History
You have not taken this quiz